Heidi / (Registro nro. 9142)

Detalles MARC
000 -LIDER
fixed length control field 00623nam a22002297a 4500
003 - IDENTIFICACDOR DE NÚMERO DE CONTROL
control field DO-SdBNP
005 - DATE AND TIME OF LATEST TRANSACTION
control field 20180130105106.0
008 - ELEMENTOS DE LONGITUD FIJA
fixed length control field 160307b 1975 xxu||||| |||| 00| 0 spa d
020 ## - ISBN
International Standard Book Number 8431911727
040 ## - FUENTE DE CATALOGACIÓN
Agencia que crea de manera original el registro BPMSU
Idioma de catalogación sps
Agencia que realiza la transcripción BPMSU
092 ## - LOCALLY ASSIGNED DEWEY DECIMAL CALL NUMBER
Número de clasificación xxxx
Número de ítem (Cutter) xxxx
100 1# - ASIENTO PRINCIPAL -- NOMBRE PERSONAL
Nombre personal Spyri, Johanna,
Fechas asociadas con el nombre 1827-1901.
245 10 - MENCIÓN DE TITULO
Título Heidi /
Mención de responsabilidad Juana Spyri.
260 ## - PUBLICACIÓN, DISTRIBUCIÓN, ETC. (PIE DE IMPRENTA)
Lugar de publicación, distribución, etc Bilbao :
Nombre del editor, distribuidor, etc. Vasco Americana,
Fecha de publicación, distribución, etc [1975].
300 ## - DESCRIPCIÓN FÍSICA
Extensión 191 p. ;
Dimensiones 23 cm.
490 1# - MENCIÓN DE SERIES
Mención de serie Libros Preferidos ;
Volume/sequential designation 2
830 #0 - ASIENTO SECUNDARIO DE SERIE--TÍTULO UNIFORME
Título uniforme Libros Preferidos
Número de la parte o sección de una obra 2
910 ## - VALIDACIÓN
Validación 10
942 ## - ADDED ENTRY ELEMENTS (KOHA)
Source of classification or shelving scheme Dewey Decimal Classification
Koha item type Libros
945 ## - INFORMACIÓN DE PROCESAMIENTO LOCAL
Información de procesamiento local Invetariado extranjero / 2018 VM
956 ## - LOCAL ELECTRONIC LOCATION AND ACCESS (OCLC)
Nombre de host LOPEREZ
Número de acceso 10
Método de acceso BPMSU
Existencias
Withdrawn status Lost status Source of classification or shelving scheme Damaged status Not for loan Home library Current library Date acquired Total Checkouts Barcode Date last seen Price effective from Koha item type
    Dewey Decimal Classification     Biblioteca Pública Metropolitana Salomé Ureña Biblioteca Pública Metropolitana Salomé Ureña 03/07/2016   BPMSU16030002 03/07/2016 03/07/2016 Libros